El proceso / (Registro nro. 8570)

Detalles MARC
000 -LIDER
fixed length control field 00925nam a22003017a 4500
001 - NÚMERO DE CONTROL
Identificador de número de control 88041
003 - IDENTIFICACDOR DE NÚMERO DE CONTROL
control field DO-SdBNP
005 - DATE AND TIME OF LATEST TRANSACTION
control field 20250602133120.0
007 - CAMPOS FIJOS DE DESCRIPCIÓN FÍSICA
fixed length control field 88041
008 - ELEMENTOS DE LONGITUD FIJA
fixed length control field 150916s1999 sp 000 f spa
020 ## - ISBN
International Standard Book Number 8481301787
040 ## - FUENTE DE CATALOGACIÓN
Agencia que crea de manera original el registro BPMUSU
Idioma de catalogación spa
Agencia que realiza la transcripción BPMSU
041 1# - CÓDIGOS DE OBRAS TRADUCIDAS O EN VARIOS IDIOMAS
Código del idioma del texto/archivo de sonido o separata spa
082 #4 - NÚMERO DE CLASIFICACIÓN DECIMAL DE DEWEY
Classification number 891.863
Item number K11p 1999
Edition number 22
100 1# - ASIENTO PRINCIPAL -- NOMBRE PERSONAL
Nombre personal Kafka, Franz
Fechas asociadas con el nombre 1883-1924
240 14 - TITULO UNIFORME
Título uniforme Der Prozess
Idioma de una obra Español
245 13 - MENCIÓN DE TITULO
Título El proceso /
Mención de responsabilidad Franz Kafka ; traducción Feliu Formosa ; prólogo José Saramago
260 ## - PUBLICACIÓN, DISTRIBUCIÓN, ETC. (PIE DE IMPRENTA)
Lugar de publicación, distribución, etc Madrid :
Nombre del editor, distribuidor, etc. Milenium,
Fecha de publicación, distribución, etc 1999
300 ## - DESCRIPCIÓN FÍSICA
Extensión 238 p. ;
Dimensiones 22 cm
490 0# - MENCIÓN DE SERIES
Mención de serie Milenium. Las 100 joyas del Milenium ;
-- Biblioteca El mundo
Volume/sequential designation 61
590 ## - NOTA LOCAL
Texto de la nota local Inventariado, 2025/VM
650 #4 - ENCABEZAMIENTO DE MATERIA--TEMÁTICO
Término temático o nombre geográfico como elemento de entrada Novela checoslovaca
650 #4 - ENCABEZAMIENTO DE MATERIA--TEMÁTICO
Término temático o nombre geográfico como elemento de entrada Administración de justicia
Subdivisión de forma Novela.
700 1# - ASIENTO SECUNDARIO -- NOMBRE PERSONAL
Nombre personal Kafka, Feliu
Mención de responsabilidad traductor
700 1# - ASIENTO SECUNDARIO -- NOMBRE PERSONAL
Nombre personal Saramago, José
Mención de responsabilidad prólogo
910 ## - VALIDACIÓN
Validación VMateo V. Control de Calidad. BPMSU
942 ## - ADDED ENTRY ELEMENTS (KOHA)
Source of classification or shelving scheme Dewey Decimal Classification
Koha item type Libros
Existencias
Withdrawn status Lost status Source of classification or shelving scheme Damaged status Not for loan Collection code Home library Current library Date acquired Total Checkouts Full call number Barcode Date last seen Price effective from Koha item type
    Dewey Decimal Classification     Colección General Biblioteca Pública Metropolitana Salomé Ureña Biblioteca Pública Metropolitana Salomé Ureña 11/05/2015   BPMSU CG 891.863 K11p 1999 BPMSU15110081 11/05/2015 11/05/2015 Libros